000
00203 a2200097 4500
001
35205
100
_a
Stevens
245
_a
Teach your self C
260
_a
Delhi
_b
Manish Jain
_c
090
_c
23342
_d
23342
942
_a
NUST-CAE
_c
M
_c
14828
999
_c
270278
_d
270278